000 00886nam a22002057a 4500
999 _c2060
_d2060
003 AR-CdUCM
008 190301b ||||| |||| 00| 0 spa d
040 _aMUNICIPALIDAD PROVINCIAL DEL CUSCO
_cBIBLIOTECA MUNICIPAL DEL CUSCO
082 _a330.97 /
_bSO66
100 _aSolís M., Lepoldo
_97452
245 _aControversias sobre el crecimiento y la distribución :
_bLas opiniones de economistas mexicanos acerca de la política económica /
260 _aMexico :
_bFondo de Cultura Económica,
_c1975.
300 _a225 paginas ;
_c20 cm.
505 _aPanorama actual de la economía Mexicana --El sector agrícola --El sector industrial --La distribución del ingreso --La política monetaria ...
650 _aPolítica económica
_91407
650 _aCondiciones económicas
_91989
650 _aAnálisis económico
_95582
942 _2ddc
_cLIBROS
945 _arjall
_d2019-03-01